| 000 | 00598nam a2200193Ia 4500 | ||
|---|---|---|---|
| 003 | GCL | ||
| 008 | 140319s9999 xx 000 0 ara d | ||
| 040 |
_aGCL / _cGCL |
||
| 082 | 0 | 4 |
_a812.009 _bى م |
| 100 | 1 | _aيوسف العانى | |
| 245 | 1 | 0 |
_aالمسرح بين الحدث والحديث / _cيوسف العانى |
| 260 |
_aالقاهرة : _bالهيئة المصرية العامة للكتاب ، _c1990 |
||
| 300 |
_a271 ص ؛ _c18 سم |
||
| 490 | _a | ||
| 650 | 0 | 4 | _aالادب العربى |
| 650 | 0 | 4 | _aالمسرح |
| 650 | 0 | 4 | _aالمسرح العراقى |
| 942 |
_2ddc _cBK |
||
| 999 |
_c30090 _d30090 |
||